| 000 | 01057nam a2200229Ia 4500 | ||
|---|---|---|---|
| 001 | L210-3887 | ||
| 003 | IT-CnALBA | ||
| 008 | 170116s9999||||xx |||||||||||||| ||und|| | ||
| 040 |
_aIT-CnALBA _cIT-CnALBA |
||
| 041 | _aFRANCESE | ||
| 100 | _aD'ORIENT A. | ||
| 245 | 0 | _aACCOMPLISSEMENT DES PROPHETIES (APRES LE LIVRE LES DESTINEES DE L'AME). TOME II. | |
| 250 | _a1a ed. | ||
| 260 |
_aUNIS, COMON ET C. PA _bCOMPTOIR DES IMPR. _c1849 [1° Ed.:1849 - Ed.Ling.Originale: 1849] |
||
| 300 | _a500 p. | ||
| 500 | _aPREDIZIONI. RITORNO ALL'IDOLATRIA. ESAME DELLE TEORIE MAGNETICHE. EMANAZIONE MAGNETICA. IL FLUIDO MAGNETICO. IL MAGNETISMO SPIEGATO DAGLI ORACOLI DEL PAGANESIMO. | ||
| 501 | _aSocietà San Paolo EM - Piazza San Paolo, 14 - 12051 ALBA (CN) (non commercial uses only) ® Copyright 2017 | ||
| 520 | _aPREDIZIONI. RITORNO ALL'IDOLATRIA. ESAME DELLE TEORIE MAGNETICHE. EMANAZIONE MAGNETICA. IL FLUIDO MAGNETICO. IL MAGNETISMO SPIEGATO DAGLI ORACOLI DEL PAGANESIMO. | ||
| 650 | _aRELIGIONE NATURALE | ||
| 942 | _cBK | ||
| 957 | _71 | ||
| 999 |
_a4865 _bSI _g Copie: 1 _c263073 _d263073 |
||